000 00446nam a2200157 i 4500
001 67906
003 ES-MaACL
005 20230906170152.0
007 t|
008 040216s1973 sp ||||1| spa d
100 1 _aGallez, T.
_953611
245 1 4 _aLos pájaros
_b: cuentos de la prisión /
_cT. Gallez de Santamaría.
260 _aZaragoza :
_bHeraldo de Aragón,
_c1973.
300 _a151 p. ;
_c21 cm.
852 _aES-MaACL
_jC-53007
_bR.86337
999 _c67906
_d67906